000 00727cam a22002293a 4500
003 PILC
005 20150904134730.0
008 951220s1996 vau 000 1 eng d
010 _a97813102
020 _a0553566385
050 0 0 _aPZ 7
_b.W655 1996
100 1 _aWilliam, Kate.
245 1 0 _aIn love with the enemy /
_cwritten by Kate William ; created by Francine Pascal.
260 _aNew York :
_bBantam Books,
_c1996.
300 _a199 pages ;
_c18 cm.
490 0 _aSweet Valley High ;
_v120.
500 _a"A Bantam book"--T.p. verso.
650 0 _aYouth
_xConduct of life
_xJuvenile fiction.
650 0 _aYoung adult fiction.
830 0 _aFrancine Pascal's Sweet Valley High ;
_v120.
942 _2lcc
_cBK
_kFOR
999 _c288609
_d288609